Integrating the Sentinel-1, Sentinel-2 and Topographic data into soybean yield modelling using Machine Learning

Elmentve itt :
Bibliográfiai részletek
Szerzők: Amankulova Khilola
Farmonov Nizom
Omonov Khasan
Abdurakhimova Mokhigul
Mucsi László
Dokumentumtípus: Cikk
Megjelent: 2024
Sorozat:ADVANCES IN SPACE RESEARCH 73 No. 8
Tárgyszavak:
doi:10.1016/j.asr.2024.01.040

mtmt:34539323
Online Access:http://publicatio.bibl.u-szeged.hu/31254
LEADER 00946nab a2200253 i 4500
001 publ31254
005 20240514084111.0
008 240514s2024 hu o 000 eng d
022 |a 0273-1177 
024 7 |a 10.1016/j.asr.2024.01.040  |2 doi 
024 7 |a 34539323  |2 mtmt 
040 |a SZTE Publicatio Repozitórium  |b hun 
041 |a eng 
100 1 |a Amankulova Khilola 
245 1 0 |a Integrating the Sentinel-1, Sentinel-2 and Topographic data into soybean yield modelling using Machine Learning  |h [elektronikus dokumentum] /  |c  Amankulova Khilola 
260 |c 2024 
300 |a 4052-4066 
490 0 |a ADVANCES IN SPACE RESEARCH  |v 73 No. 8 
650 4 |a Föld- és kapcsolódó környezettudományok 
700 0 1 |a Farmonov Nizom  |e aut 
700 0 1 |a Omonov Khasan  |e aut 
700 0 1 |a Abdurakhimova Mokhigul  |e aut 
700 0 1 |a Mucsi László  |e aut 
856 4 0 |u http://publicatio.bibl.u-szeged.hu/31254/1/1-s2.0-S0273117724000838-main.pdf  |z Dokumentum-elérés